UBT Library

Blackboard for dummies / (Record no. 40023)

000 -LEADER
fixed length control field 00732cam a2200229 a 4500
001 - CONTROL NUMBER
control field 14230528
005 - DATE AND TIME OF LATEST TRANSACTION
control field 20180110080628.0
008 - FIXED-LENGTH DATA ELEMENTS--GENERAL INFORMATION
fixed length control field 060113s2006 inua 001 0 eng
010 ## - LIBRARY OF CONGRESS CONTROL NUMBER
LC control number 2006920627
020 ## - INTERNATIONAL STANDARD BOOK NUMBER
International Standard Book Number 9780471798323 (pbk. : alk. paper)
020 ## - INTERNATIONAL STANDARD BOOK NUMBER
International Standard Book Number 0471798320 (pbk. : alk. paper)
040 ## - CATALOGING SOURCE
Original cataloging agency DLC
Transcribing agency DLC
Modifying agency DLC
041 ## - LANGUAGE CODE
Language code of text/sound track or separate title eng
080 ## - UNIVERSAL DECIMAL CLASSIFICATION NUMBER
Universal Decimal Classification number 371.334 CAK
082 00 - DEWEY DECIMAL CLASSIFICATION NUMBER
Classification number 371.334 CAK
Edition number 22
100 ## - Rafti
Rafti 45
101 ## - Shkurtesa
Shkurtesa JUR
245 00 - TITLE STATEMENT
Title Blackboard for dummies /
Statement of responsibility, etc by Howie Southworth ... [et al.].
906 ## - LOCAL DATA ELEMENT F, LDF (RLIN)
a 7
b cbc
c orignew
d 2
e epcn
f 20
g y-gencatlg
942 ## - ADDED ENTRY ELEMENTS (KOHA)
Source of classification or shelving scheme
Item type Books
Holdings
Withdrawn status Lost status Source of classification or shelving scheme Damaged status Not for loan Permanent location Current location Date acquired Total Checkouts Full call number Barcode Date last seen Price effective from Koha item type
          UBT - Lipjan UBT - Lipjan 01/10/2018   371.334 CAK 002-2995100 01/10/2018 01/10/2018 Books
UBT Library © 2015-2024. All rights reserved University Education for Business and Technology